000 00752nam a2200229 a 4500
001 67419
003 BD-RjUL
005 20211209081644.0
008 170325s1973 ii f 000 0 eng d
035 _a(BD-RjUL) 67550
040 _aDLC
_cCOO
_dBD-RjUL
_beng
041 _aeng
082 _223
_a587.30954
_bBEF 1973
100 1 _aBeddome, R. H.
_q(Richard Henry),
_d1830-1911.
_9199759
245 1 4 _aThe ferns of British India :
_bBeing figures and descriptions of ferns from all parts of British India /
_cBy Major R. H. Beddome.
260 _aNew Delhi :
_bOxford & IBH Publishing co.,
_c1973.
300 _av. :
_bill. ;
_c31 cm.
505 0 _aV. 1 -- V. 2 --
650 0 _aFerns
_zBritish India.
_9199760
942 _2ddc
_cBK
999 _c67419
_d67419